<?xml version="1.0" encoding="UTF-8"?>
<record
    xmlns:xsi="http://www.w3.org/2001/XMLSchema-instance"
    xsi:schemaLocation="http://www.loc.gov/MARC21/slim http://www.loc.gov/standards/marcxml/schema/MARC21slim.xsd"
    xmlns="http://www.loc.gov/MARC21/slim">

  <leader>00347nam a2200121Ia 4500</leader>
  <controlfield tag="008">250518s9999    xx            000 0 und d</controlfield>
  <datafield tag="020" ind1=" " ind2=" ">
    <subfield code="a">0</subfield>
  </datafield>
  <datafield tag="100" ind1=" " ind2=" ">
    <subfield code="a">Geoff Manll</subfield>
  </datafield>
  <datafield tag="245" ind1=" " ind2="0">
    <subfield code="a">Pure Mathmatics 3</subfield>
  </datafield>
  <datafield tag="260" ind1=" " ind2=" ">
    <subfield code="a">"Halley Court,jordan Hill, oxford, OX28EJ"</subfield>
    <subfield code="b">Heinemann Educational Publishers</subfield>
    <subfield code="c">2000</subfield>
  </datafield>
  <datafield tag="300" ind1=" " ind2=" ">
    <subfield code="a">218p.</subfield>
  </datafield>
  <datafield tag="942" ind1=" " ind2=" ">
    <subfield code="h">-</subfield>
    <subfield code="i">MAN</subfield>
    <subfield code="c">AD</subfield>
    <subfield code="e">0</subfield>
    <subfield code="6">_MAN</subfield>
  </datafield>
  <datafield tag="952" ind1=" " ind2=" ">
    <subfield code="9">2590</subfield>
    <subfield code="a">KFPL</subfield>
    <subfield code="b">KFPL</subfield>
    <subfield code="c">REF</subfield>
    <subfield code="d">2025-05-18</subfield>
    <subfield code="l">0</subfield>
    <subfield code="o">510</subfield>
    <subfield code="p">KL-2024-000314</subfield>
    <subfield code="r">2025-05-18 13:00:37</subfield>
    <subfield code="y">AD</subfield>
  </datafield>
  <datafield tag="999" ind1=" " ind2=" ">
    <subfield code="c">2180</subfield>
    <subfield code="d">2180</subfield>
  </datafield>
</record>
